00593nam a2200193Ia 4500008004100000020001300041082001700054100002400071245002200095250000800117260003500125300002400160500001900184600002700203650001500230942000700245952013200252999001500384240925s9999 xx 000 0 und d a71129200 a621.3815 BOG aBogart ,Theodore F. 0aElectric Circuits a2nd aNew York:bMcGraw-Hillc,1992. a302p.bNafOriginal aIncludes Index aElectrical Engineering aTechnology cBK 011040708ELaUITUbUITUd1996-08-28eRoyal Book Companyg933.00l0o621.3815 BOGpQ0767r2024-09-25 07:12:12w2024-09-25yBK c3266d3266